MARC details
| 000 -CABECERA |
| campo de control de longitud fija |
02545nam a2200445 a 4500 |
| 003 - IDENTIFICADOR DEL NÚMERO DE CONTROL |
| campo de control |
CHAP |
| 005 - FECHA Y HORA DE LA ÚLTIMA TRANSACCIÓN |
| campo de control |
20240520113802.0 |
| 007 - CAMPO FIJO DE DESCRIPCIÓN FÍSICA--INFORMACIÓN GENERAL |
| campo de control de longitud fija |
ta |
| 008 - DATOS DE LONGITUD FIJA--INFORMACIÓN GENERAL |
| campo de control de longitud fija |
220805s2019 mx ebdofr|||| 001 0 spa d |
| 040 ## - FUENTE DE LA CATALOGACIÓN |
| Centro catalogador/agencia de origen |
mxchpua |
| 090 ## - LOCALMENTE ASIGNADO TIPO-LC NÚMERO DE CLASIFICACIÓN (OCLC); NÚMERO DE CLASIFICACIÓN LOCAL (RLIN) |
| Número de clasificación (OCLC) (R) ; Numero de clasificación, CALL (RLIN) (NR) |
T.C.826 |
| Número cutter local (OCLC) ; Número de libro/Signatura topográfica íntegra, CALL (RLIN) |
R49 EIUPA |
| Año |
2019 |
| 245 10 - MENCIÓN DE TÍTULO |
| Título |
Empresa de cerveza artesanal "Tomahawk", ubicada en Bogotá, Colombia / |
| Mención de responsabilidad, etc. |
coordinadora Diana América Reyna Izaguirre ; colaboradores América Anastacio Cordero...[et al.] |
| 260 ## - PUBLICACIÓN, DISTRIBUCIÓN, ETC. |
| Lugar de publicación, distribución, etc. |
Chapingo, México : |
| Nombre del editor, distribuidor, etc. |
El autor, |
| Fecha de publicación, distribución, etc. |
2019 |
| 300 ## - DESCRIPCIÓN FÍSICA |
| Extensión |
159 páginas : |
| Otras características físicas |
gráficas, mapas, diagramas, tablas, fotos, planos + |
| Material acompañante/anejo |
1 CD-ROM |
| 336 ## - TIPO DE CONTENIDO |
| Fuente |
rdacontent |
| Término de tipo de contenido |
texto |
| Código de tipo de contenido |
txt |
| 337 ## - TIPO DE MEDIO |
| Fuente |
rdamedia |
| Nombre/término del tipo de medio |
no mediado |
| Código del tipo de medio |
n |
| 338 ## - TIPO DE SOPORTE |
| Fuente |
rdacarrier |
| Nombre/término del tipo de soporte |
volumen |
| Código del tipo de soporte |
nc |
| 500 ## - NOTA GENERAL |
| Nota general |
Grado 7° Grupo 5 |
| 502 ## - NOTA DE TESIS |
| Nota de tesis |
Viaje de Estudios |
| Tipo de título |
(EIUPA) -- |
| Nombre de la institución que otorga el título |
UACh. Departamento de Ingeniería Agroindustrial, |
| Año de obtención del título |
2019 |
| 504 ## - NOTA DE BIBLIOGRAFÍA, ETC. |
| Nota de bibliografía, etc. |
Bibliografía: p. 146-150 |
| 505 #0 - NOTA DE CONTENIDO CON FORMATO |
| Nota de contenido con formato |
5 planos:<br/>1. Plano de Distribución de áreas (Esc. 1:100) --<br/>2. Plano de Distribución de equipo (Esc. 1:100) --<br/>3. Plano de Diagrama de recorrido --<br/>4. Plano de DTI --<br/>5. Plano de Diagrama de flujo |
| 650 13 - PUNTO DE ACCESO ADICIONAL DE MATERIA--TÉRMINO DE MATERIA |
| Término de materia o nombre geográfico como elemento de entrada |
Industria cervecera |
| Subdivisión geográfica |
Colombia |
| -- |
Bogotá |
| 650 13 - PUNTO DE ACCESO ADICIONAL DE MATERIA--TÉRMINO DE MATERIA |
| Término de materia o nombre geográfico como elemento de entrada |
Elaboración de cerveza |
| Subdivisión general |
Control de calidad |
| 650 13 - PUNTO DE ACCESO ADICIONAL DE MATERIA--TÉRMINO DE MATERIA |
| Término de materia o nombre geográfico como elemento de entrada |
Granos para elaboración de cerveza |
| Subdivisión general |
Control de calidad |
| 650 13 - PUNTO DE ACCESO ADICIONAL DE MATERIA--TÉRMINO DE MATERIA |
| 9 (RLIN) |
185249 |
| Término de materia o nombre geográfico como elemento de entrada |
Calidad de la cerveza |
| 650 13 - PUNTO DE ACCESO ADICIONAL DE MATERIA--TÉRMINO DE MATERIA |
| Término de materia o nombre geográfico como elemento de entrada |
Cervezas |
| Subdivisión general |
Comercialización |
| Subdivisión geográfica |
Colombia |
| -- |
Bogotá |
| 650 13 - PUNTO DE ACCESO ADICIONAL DE MATERIA--TÉRMINO DE MATERIA |
| Término de materia o nombre geográfico como elemento de entrada |
Brewing industry |
| Subdivisión geográfica |
Colombia |
| -- |
Bogotá |
| 650 13 - PUNTO DE ACCESO ADICIONAL DE MATERIA--TÉRMINO DE MATERIA |
| Término de materia o nombre geográfico como elemento de entrada |
Brewing |
| Subdivisión general |
Quality control |
| 650 13 - PUNTO DE ACCESO ADICIONAL DE MATERIA--TÉRMINO DE MATERIA |
| Término de materia o nombre geográfico como elemento de entrada |
Brewers grains |
| Subdivisión general |
Quality control |
| 650 13 - PUNTO DE ACCESO ADICIONAL DE MATERIA--TÉRMINO DE MATERIA |
| 9 (RLIN) |
185250 |
| Término de materia o nombre geográfico como elemento de entrada |
Beer quality |
| 650 13 - PUNTO DE ACCESO ADICIONAL DE MATERIA--TÉRMINO DE MATERIA |
| Término de materia o nombre geográfico como elemento de entrada |
Beers |
| Subdivisión general |
Commercialization |
| Subdivisión geográfica |
Colombia |
| -- |
Bogotá |
| 700 1# - PUNTO DE ACCESO ADICIONAL--NOMBRE DE PERSONA |
| Nombre de persona |
Reyna Izaguirre, Diana America |
| Término indicativo de función/relación |
coordinadora |
| 9 (RLIN) |
97046 |
| 700 1# - PUNTO DE ACCESO ADICIONAL--NOMBRE DE PERSONA |
| 9 (RLIN) |
185341 |
| Nombre de persona |
Anastacio Cordero, América |
| Término indicativo de función/relación |
colaboradora |
| 856 41 - LOCALIZACIÓN Y ACCESO ELECTRÓNICOS |
| Identificador Uniforme del Recurso |
<a href="http://10.13.5.2/ve/T_C_826_EIUPA/T_C_826_EIUPA_2019_PLANO_DISTRIBUCION_DE_AREAS.pdf">http://10.13.5.2/ve/T_C_826_EIUPA/T_C_826_EIUPA_2019_PLANO_DISTRIBUCION_DE_AREAS.pdf</a> |
| Texto de enlace |
DESCARGAR PLANO DE DISTRIBUCIÓN DE ÁREAS |
| 856 41 - LOCALIZACIÓN Y ACCESO ELECTRÓNICOS |
| Identificador Uniforme del Recurso |
<a href="http://10.13.5.2/ve/T_C_826_EIUPA/T_C_826_EIUPA_2019_PLANO_DISTRIBUCION_DE_EQUIPO.pdf">http://10.13.5.2/ve/T_C_826_EIUPA/T_C_826_EIUPA_2019_PLANO_DISTRIBUCION_DE_EQUIPO.pdf</a> |
| Texto de enlace |
DESCARGAR PLANO DE DISTRIBUCIÓN DE EQUIPO |
| 856 41 - LOCALIZACIÓN Y ACCESO ELECTRÓNICOS |
| Identificador Uniforme del Recurso |
<a href="http://10.13.5.2/ve/T_C_826_EIUPA/T_C_826_EIUPA_2019_PLANO_DIAGRAMA_DE_RECORRIDO.pdf">http://10.13.5.2/ve/T_C_826_EIUPA/T_C_826_EIUPA_2019_PLANO_DIAGRAMA_DE_RECORRIDO.pdf</a> |
| Texto de enlace |
DESCARGAR PLANO DE DIAGRAMA DE RECORRIDO |
| 856 41 - LOCALIZACIÓN Y ACCESO ELECTRÓNICOS |
| Identificador Uniforme del Recurso |
<a href="http://10.13.5.2/ve/T_C_826_EIUPA/T_C_826_EIUPA_2019_PLANO_DTI.pdf">http://10.13.5.2/ve/T_C_826_EIUPA/T_C_826_EIUPA_2019_PLANO_DTI.pdf</a> |
| Texto de enlace |
DESCARGAR PLANO DE DTI |
| 856 41 - LOCALIZACIÓN Y ACCESO ELECTRÓNICOS |
| Identificador Uniforme del Recurso |
<a href="http://10.13.5.2/ve/T_C_826_EIUPA/T_C_826_EIUPA_2019_PLANO_DIAGRAMA_DE_FLUJO.pdf">http://10.13.5.2/ve/T_C_826_EIUPA/T_C_826_EIUPA_2019_PLANO_DIAGRAMA_DE_FLUJO.pdf</a> |
| Texto de enlace |
DESCARGAR PLANO DE DIAGRAMA DE FLUJO |
| 856 41 - LOCALIZACIÓN Y ACCESO ELECTRÓNICOS |
| Identificador Uniforme del Recurso |
<a href="http://10.13.5.2/ve/T_C_826_EIUPA/T_C_826_EIUPA_2019_REPORTE.pdf">http://10.13.5.2/ve/T_C_826_EIUPA/T_C_826_EIUPA_2019_REPORTE.pdf</a> |
| Texto de enlace |
DESCARGAR REPORTE |